| 000 | 01109nam0a22002771 4500 | ||
|---|---|---|---|
| 001 | rc\949124 | ||
| 005 | 20250622053625.0 | ||
| 035 | _a(NLR Aleph) 006120947 | ||
| 090 |
_a5460264 _c5460264 |
||
| 100 | _a20041129d1982 |||y0rusy50 ca | ||
| 101 | 0 | _arus | |
| 102 | _aRU | ||
| 105 | _aa ||||||||| | ||
| 200 | 1 |
_aМеханизация уборки и утилизация навоза _f[В.М. Новиков, В.В. Игнатова, Ф.Ф. Костанди и др.] _gПод ред. Ф.Ф. Костанди |
|
| 210 |
_aМ. _cКолос _d1982 |
||
| 215 |
_a285 с. _cил. _d20 |
||
| 300 | _aАвт. указаны на обороте тит. л. | ||
| 320 | _aБиблиогр.: с. 282-283 (31 назв.) | ||
| 701 | 1 |
_7ca _8rus _aНовиков _bВ. М. _cканд. техн. наук, мелиорация _f1916-1989 _gВладимир Михайлович _9224438 _3RU\NLR\AUTH\770224494 |
|
| 702 | 1 |
_aКостанди _bФ.Ф. _gФедор Федорович _4340 |
|
| 801 | 0 |
_aRU _bNLR _gpsbo |
|
| 801 | 1 |
_aRU _bELAR _2rusmarc |
|
| 852 |
_aNLR _j82-3/7878 |
||
| 942 | _cBOOK | ||
| 980 | _aNB | ||